Principles of object oriented Modeling (Record no. 322022)
[ view plain ]
| 000 -LEADER | |
|---|---|
| fixed length control field | 00303 a2200121 4500 |
| 001 - CONTROL NUMBER | |
| control field | 86949 |
| 003 - CONTROL NUMBER IDENTIFIER | |
| control field | NUST |
| 005 - DATE AND TIME OF LATEST TRANSACTION | |
| control field | 20180124095855.0 |
| 008 - FIXED-LENGTH DATA ELEMENTS--GENERAL INFORMATION | |
| fixed length control field | 180124b xxu||||| |||| 00| 0 eng d |
| 082 ## - DEWEY DECIMAL CLASSIFICATION NUMBER | |
| Classification number | 005.117 FRI |
| 100 ## - MAIN ENTRY--PERSONAL NAME | |
| Personal name | Fritzson, P |
| 9 (RLIN) | 9654 |
| 245 ## - TITLE STATEMENT | |
| Title | Principles of object oriented Modeling |
| Medium | English |
| 260 ## - PUBLICATION, DISTRIBUTION, ETC. | |
| Place of publication, distribution, etc. | USA |
| Name of publisher, distributor, etc. | IEEE Press |
| Date of publication, distribution, etc. | 2004 |
| 300 ## - PHYSICAL DESCRIPTION | |
| Extent | xiii, 898p. |
| 942 ## - ADDED ENTRY ELEMENTS (KOHA) | |
| Institution code [OBSOLETE] | CAE NUST |
| Koha item type | Book |
| Call number prefix | 005.117 FRI |
| Source of classification or shelving scheme | |
| Withdrawn status | Lost status | Damaged status | Not for loan | Collection code | Permanent Location | Current Location | Date acquired | Total Checkouts | Full call number | Barcode | Date last seen | Price effective from | Koha item type |
|---|---|---|---|---|---|---|---|---|---|---|---|---|---|
| College of Aeronautical Engineering (CAE) | College of Aeronautical Engineering (CAE) | 04/03/2017 | 005.117 FRI | CAE84984 | 04/05/2017 | 04/05/2017 | Book |
